| 000 | 00409nam a2200169Ia 4500 | ||
|---|---|---|---|
| 008 | 240729s9999 xx 000 0 und d | ||
| 022 | _a2673-4133 | ||
| 245 | 0 | _aEcologies | |
| 260 | _aSwitzerland | ||
| 260 | _bMDPI AG | ||
| 650 | _a Biology (General) | ||
| 650 | _a Ecology | ||
| 650 | _aScience | ||
| 856 | _uhttps://doaj.org/toc/f7d3b39dbd92481ebe1b099c488db2f2 | ||
| 942 | _2ddc | ||
| 942 | _cDOAJEJ | ||
| 999 |
_c71904 _d71904 |
||
| 945 |
_a1 _bMadushi Gamage _c1 _dMadushi Gamage |
||